Esteban Vicente (Record no. 16517)

MARC details
000 - LÍDER
campo de control de longitud fija 00850nam a2200217Ia 4500
008 - ELEMENTOS DE DATOS DE LONGITUD FIJA - INFORMACIÓN GENERAL
campo de control de longitud fija 0000002016 usad 0000000000eng00
020 ## - INTERNATIONAL STANDARD BOOK NUMBER
International Standard Book Number 9781495130151
090 ## - NÚMERO DE LLAMADA DE TIPO LC LOCALMENTE ASIGNADO (OCLC)
Número de clasificación (OCLC) (R) PSP00 J65e
100 1# - ENTRADA PRINCIPAL - NOMBRE PERSONAL
Nombre de la persona Johnson, Eren
245 10 - TÍTULO DECLARACIÓN
Título Esteban Vicente
Declaración de responsabilidad / by Eren Johnson ; photography by Christopher Burke
260 ## - PUBLICACIÓN, DISTRIBUCIÓN
Lugar de publicación New York : Ameringer McEnery Yohe
Fecha de publicación , 2016
300 ## - DESCRIPCIÓN FÍSICA
Alcance 56 p.
Dimensiones / 27 cm.
500 ## - NOTA GENERAL
Nota general Exposición realizada en Ameringer McEnery Yohe de Nueva York entre el 21 de abirl y el 21 de mayo de 2016 \ Incluye datos biográficos y cronología artística \ Texto en inglés
600 00 - ENTRADA DE SUJETO AÑADIDO - NOMBRE PERSONAL
Nombre de la persona VICENTE, ESTEBAN, 19032001/
Subdivisión general TRABAJOS PICTORICOS
650 14 - ENTRADA DE SUJETO AÑADIDO - TÉRMINO TÓPICO
Término tópico o elemento de entrada del nombre geográfico ARTE CONTEMPORANEO ESPAÑOL
650 14 - ENTRADA DE SUJETO AÑADIDO - TÉRMINO TÓPICO
Subdivisión general CATALOGOS
650 14 - ENTRADA DE SUJETO AÑADIDO - TÉRMINO TÓPICO
Término tópico o elemento de entrada del nombre geográfico COLLAGE
650 14 - ENTRADA DE SUJETO AÑADIDO - TÉRMINO TÓPICO
Subdivisión general EXPOSICIONES
650 14 - ENTRADA DE SUJETO AÑADIDO - TÉRMINO TÓPICO
Término tópico o elemento de entrada del nombre geográfico PINTORES ESPAÑOLES
650 14 - ENTRADA DE SUJETO AÑADIDO - TÉRMINO TÓPICO
Término tópico o elemento de entrada del nombre geográfico PINTURA ESPAÑOLA
Holdings
Estado de retirada Pérdida de estatus Estado dañado No para préstamo Código de recogida Ubicación permanente Ubicación actual Ubicación de las estanterías Fecha de adquisición Número de llamada completo Código de barras Fecha de la última vez que se vio Número de copia Precio efectivo desde Tipo de artículo Koha
        General ArtNexus ArtNexus General 06/09/2022 P-SP-00 J65E 16577 06/09/2022 Ej.1 06/09/2022 Libro

Powered by Koha